• 首页
  • 本馆介绍
  • 公告通知
  • 最新文献
  • 馆藏检索
  • 电子资源
  • 读者导购
  • 参考咨询
  • 我的图书馆
  • 登录
  • 详细信息显示
  • 放入我的书架
  • 预约/预借图书
  • 作者相关作品
  • 分类相关作品
  • 丛书相关作品
  • 出版社相关作品

书目信息

  • 表格格式
  • 工作单格式
  • 卡片格式
题名:
外贸技巧与邮件实战
    
 
作者: 刘云 主编
分册:  
出版信息: 北京   中国海关出版社  2008
页数: 212页
开本: 24cm
丛书名: 福步外贸高手系列
单 册:
中图分类: F74
科图分类:
主题词: 外经贸工作--基本知识
电子资源:
ISBN: 978-7-80165-536-3
000 01137oam2 2200277 45
001 1029983238
005 20100428150002.14
010    @a978-7-80165-536-3@dCNY28.00
100    @a20100420d2008 em y0chiy50 ea
101 0  @achi@aeng
102    @aCN@b110000
105    @ay z 000yy
106    @ar
200 1  @a外贸技巧与邮件实战@AWai Mao Ji Qiao Yu You Jian Shi Zhan@f刘云主编@FLiu Yun Zhu Bian
210    @a北京@c中国海关出版社@d2008
215    @a212页@d24cm
225 2  @a福步外贸高手系列@i乐贸书系
312    @a封面英文题名:International trade skills and E-mail practice
330    @a本书前半部外贸技巧,用第一手的邮件,第一手的实战资料,总结了找客户、抓住客户、接待客户、跟进订单、规避风险等实际经验;后半部是真实的外贸邮件往来案例,同时,突出生意往来过程中的麻烦和问题,通过重点段落评析和总结的方式,直观展示外贸沟通技巧和疑难问题的解决方法。
462  0 @12001 @a福步外贸高手系列@i乐贸书系
510 1  @aInternational trade skills and E-mail practice@zeng
606 0  @a外经贸工作@x基本知识
690    @aF74@v4
701  0 @a刘云@ALiu Yun@4主编
801  0 @aCN@bTANGWEI@c20100428
905    @b0595276-80@dF74@e128@f5
    
    外贸技巧与邮件实战/刘云主编.-北京:中国海关出版社,2008
    212页;24cm.-(福步外贸高手系列.乐贸书系)
    
    
    ISBN 978-7-80165-536-3:CNY28.00
    本书前半部外贸技巧,用第一手的邮件,第一手的实战资料,总结了找客户、抓住客户、接待客户、跟进订单、规避风险等实际经验;后半部是真实的外贸邮件往来案例,同时,突出生意往来过程中的麻烦和问题,通过重点段落评析和总结的方式,直观展示外贸沟通技巧和疑难问题的解决方法。
●
相关链接 在E读中查询图书 在五车中查询图书 在当当中查询图书 在豆瓣中查询图书


正题名:外贸技巧与邮件实战     索取号:F74/128         预约/预借

序号 登录号 条形码 馆藏地/架位号 状态 备注
1 0595276   205952762   第一样本阅览室/ [索取号:F74/128] 在馆    
2 0595277   205952771   第一借阅区/ [索取号:F74/128] 在馆    
3 0595278   205952780   第一借阅区/ [索取号:F74/128] 在馆    
4 0595279   205952799   第一借阅区/ [索取号:F74/128] 在馆    
5 0595280   205952806   第一借阅区/ [索取号:F74/128] 在馆    
唐山师范学院图书馆 欢迎您!
大连网信软件有限公司© 版权所有